Моделирование структуры и оценка прочности строительной керамики из грубозернистых масс; Строительные материалы; № 6

Bibliografische gegevens
Parent link:Строительные материалы: научно-технический и производственный журнал/ ООО РИФ "Стройматериалы".— , 1977-.— 0585-430X
№ 6.— 2007.— С. 65-68
Hoofdauteur: Верещагин В. И. Владимир Иванович
Andere auteurs: Шильцина А. Д., Селиванов Ю. В.
Samenvatting:Проведена оценка прочности строительной керамики из грубозернистых масс на основе моделирования структуры керамики с целью обеспечения возможности проектирования составов керамики. Моделирование структуры проводили не только с позиции получения наиплотнейшей упаковки, но и с позиции учета процессов, протекающих в материалах ядра и оболочки, и в зонах их контакта с учетом изменения усадочных процессов при спекании. На основании установленных зависимостей разработаны предпочтительные составы композиций, обеспечивающие вероятность формирования прочной структуры, и предложена схема расчета прочности керамики из грубозернистых масс с учетом процессов, происходящих в оболочке (связке)
Taal:Russisch
Gepubliceerd in: 2007
Onderwerpen:
Formaat: MixedMaterials Hoofdstuk
KOHA link:https://koha.lib.tpu.ru/cgi-bin/koha/opac-detail.pl?biblionumber=451143

MARC

LEADER 00000naa2a2200000 4500
001 451143
005 20240207102132.0
035 |a (RuTPU)RU\TPU\prd\113345 
035 |a RU\TPU\prd\85388 
090 |a 451143 
100 |a 20110616a2007 k y0rusy50 ca 
101 0 |a rus 
102 |a RU 
200 1 |a Моделирование структуры и оценка прочности строительной керамики из грубозернистых масс  |f В. И. Верещагин, А. Д. Шильцина, Ю. В. Селиванов  
330 |a Проведена оценка прочности строительной керамики из грубозернистых масс на основе моделирования структуры керамики с целью обеспечения возможности проектирования составов керамики. Моделирование структуры проводили не только с позиции получения наиплотнейшей упаковки, но и с позиции учета процессов, протекающих в материалах ядра и оболочки, и в зонах их контакта с учетом изменения усадочных процессов при спекании. На основании установленных зависимостей разработаны предпочтительные составы композиций, обеспечивающие вероятность формирования прочной структуры, и предложена схема расчета прочности керамики из грубозернистых масс с учетом процессов, происходящих в оболочке (связке) 
461 1 |0 (RuTPU)RU\TPU\prd\367  |x 0585-430X  |t Строительные материалы  |o научно-технический и производственный журнал  |f ООО РИФ "Стройматериалы"  |d 1977- 
463 0 |0 (RuTPU)RU\TPU\prd\113344  |t № 6  |v С. 65-68  |d 2007 
610 1 |a труды учёных ТПУ 
700 1 |a Верещагин  |b В. И.  |c химик-технолог  |c профессор Томского политехнического университета, доктор технических наук  |f 1942-  |g Владимир Иванович  |3 (RuTPU)RU\TPU\pers\19774  |9 7712 
701 1 |a Шильцина  |b А. Д. 
701 1 |a Селиванов  |b Ю. В. 
801 1 |a RU  |b 63413507  |c 20100715 
801 2 |a RU  |b 63413507  |c 20110616  |g RCR 
942 |c BK